000 00840nam a2200301Ia 4500
001 41415
003 IT-RoPAU
008 130308s9999 xx 000 0 und d
040 _aIT-RoPAU
040 _cIT-RoPAU
041 _aFRANCESE
100 _aMounin Georges
100 _gCodice Aut. SPICS: 3498
245 _aTraduction par l'homme (La)-La situation francaise en 1977
245 _bSciences Du Langage En France Au Xx.Eme Siecle (Les)
250 _a1a ed.
260 _aPARIS
260 _bCentre Nat. Recherche Sc.
260 _c1980 [1° Ed.:1980 - Ed.Ling.Originale:1980]
300 _a"20 p. (prefazione: no ; testo: 20 [pagine: 617-636])"
500 _aTraduzione
650 _aSAGGI DI LINGUISTICA
650 _eCodice materia Spics: 3207
942 _cBK
957 _71
999 _c40409
_d40409
999 _bSI
999 _g1